Statistics for Districts of Brighton Quiz

Click here to take the quiz!

General Stats

  • This quiz has been taken 28 times
  • The average score is 13 of 42

Answer Stats

First Letter Answer % Correct
WWhitehawk
73%
RRottingdean
73%
SSaltdean
67%
WWithdean
60%
PPatcham
60%
KKemp Town
60%
HHanover
53%
AAldrington
47%
HHollingdean
47%
QQueen's Park
47%
PPreston Park
47%
OOvingdean
47%
WWoodingdean
47%
HHangleton
47%
HHollingbury
47%
LThe Lanes
40%
MThe Marina
40%
MMoulsecoomb
40%
BBevendean
40%
PPortslade
40%
CColdean
33%
RRoedean
33%
WWestdene
27%
NNorth Laine
20%
EElm Grove
20%
OOld Steine
20%
SSeven Dials
20%
SStanmer
20%
MMile Oak
13%
KThe Knoll
13%
BBear Road
7%
WWest Blatchington
7%
CCity Center
7%
RRound Hill
7%
BBrunswick Town
7%
CCarlton Hill
7%
PPrestonville
7%
BBalsdean
7%
BBlack Rock
0%
WWest Hill
0%
MMontpelier
0%
NNew England Quarter
0%

Score Distribution

Percentile by Number Answered

Percent of People with Each Score

Your Score History

You have not taken this quiz